Steel is power: the case for nationalisation (Record no. 365404)

000 -LEADER
fixed length control field 00437cam a22001337a 4500
008 - FIXED-LENGTH DATA ELEMENTS--GENERAL INFORMATION
fixed length control field 180718b1948 xxu||||| |||| 00| 0 eng d
082 ## - DEWEY DECIMAL CLASSIFICATION NUMBER
Classification number U5x42 F462
100 ## - MAIN ENTRY--PERSONAL NAME
Personal name Fienburgh, Wilfred
245 ## - TITLE STATEMENT
Title Steel is power: the case for nationalisation
Statement of responsibility, etc. by Wilfred Fiemburgh and Richard Evely
260 ## - PUBLICATION, DISTRIBUTION, ETC.
Place of publication, distribution, etc. London
Name of publisher, distributor, etc. Victor Gollancz
Date of publication, distribution, etc. 1948
300 ## - PHYSICAL DESCRIPTION
Extent 136p.
650 ## - SUBJECT ADDED ENTRY--TOPICAL TERM
Topical term or geographic name entry element Steel Industry and Trade - govt. Ownership - U.K.
700 ## - ADDED ENTRY--PERSONAL NAME
Personal name Evely, Richard
Holdings
Withdrawn status Lost status Damaged status Not for loan Permanent Location Current Location Date acquired Full call number Barcode Date last seen Price effective from Koha item type
        Indian Institute of Public Administration Indian Institute of Public Administration 1994-04-19 U5x42 F462 15032 2018-07-21 2018-07-21 Book

Powered by Koha